Proč královna nemá nosit šaty pastýřky
Móda ako spôsob vyjadrovania sa. Marketing módnych značiek. Vyjadrenie seba samého cez oblečenie. Tréning a časová investícia do seba. Zdôraznenie osobnosti.
Salvato in:
| Autore principale: | |
|---|---|
| Natura: | Capitolo di libro |
| Lingua: | ceco |
| Soggetti: | |
| Tags: |
Nessun Tag, puoi essere il primo ad aggiungerne!!
|
MARC
| LEADER | 00000naa a2200000 4500 | ||
|---|---|---|---|
| 001 | 0190223 | ||
| 005 | 20231211094557.6 | ||
| 041 | 0 | |a cze | |
| 044 | |a CZ | ||
| 245 | 1 | 0 | |a Proč královna nemá nosit šaty pastýřky |c Hana Kejhová |
| 520 | |a Móda ako spôsob vyjadrovania sa. Marketing módnych značiek. Vyjadrenie seba samého cez oblečenie. Tréning a časová investícia do seba. Zdôraznenie osobnosti. | ||
| 610 | 2 | 0 | |a kultúra |
| 610 | 2 | 0 | |a estetika |
| 610 | 2 | 0 | |a odevy |
| 610 | 2 | 0 | |a marketing |
| 610 | 2 | 0 | |a značky |
| 610 | 2 | 0 | |a manažéri |
| 610 | 2 | 0 | |a vzdelávanie |
| 100 | 1 | |a Kejhová, Hana | |